000 00634nam a22001937a 4500
003 OSt
005 20231101172110.0
008 221006b |||||||| |||| 00| 0 eng d
040 _cBiblioteca Lado V
082 _a708
_bI59a
110 _91200
_aInstituto Nacional de Bellas Artes
245 _aAntonio Diaz Cortez/
260 _c1976
_aMexico
_bPalacio de Bellas Artes
300 _c19.5 x 23 cm
_a8p.
650 _2Tesauro de Arte & Arquitectura
_aARTE
650 _2Tesauro de Arte & Arquitectura
_aCOLECCION
_9703
650 _2Tesauro de Arte & Arquitectura
_aEXHIBICIÓN
942 _2ddc
_c1
_h708
_iI59a
_n0
999 _c4543
_d4543